Municipis de la comarca del Barcelonès amb mapa (Catalunya) - Statistics

General Stats
  • This quiz has been taken 98 times
  • The average score is 4 of 5
Answers on the Map
Answers color-coded by a green-red scale on the quiz's map according to % correct below.
 
Answer Stats
Answer % Correct
Badalona
96%
Barcelona
93%
L'Hospitalet de Llobregat
90%
Sant Adrià de Besòs
87%
Santa Coloma de Gramenet
83%
No matching quizzes found
Score Distribution
Percent of People with Each Score
Percentile by Number Answered
Your Score History
You have not taken this quiz